1189 1580 1936 1505 1416 1770 1600 1858 1979 1652 1099 1155 1519 1779 1502 1544 1173 1782 1570 1646 1144 1716 1561 1264 1263 1736 1453 1459 1138 1900 1592 1332 1569 1874 1401 1125 1936 1290 1414 1035 1470 1039 1662 1896 1737 1440 1239 1093 1887 1947 1487 1834 1912 1919 1678 1004 1725 1069 1542 1186 1760 1607 1399 1807 1666 1573 1825 1575 1530 1062 1448 1355 1110 1559 1390 1932 1372 1149 1238 1056 1709 1056 1035 1269 1126 1774 1399 1748 1554 1162 1052 1093 1633 1195 1197 1775 1881 1439 1463 BCNSPRNW ULIB Ver.6.0+V

เปลี่ยนเป็นภาษาไทย

Change to English
 แสดงรายละเอียดบรรณานุกรม
  กลับหน้าหลัก

Brief Record : Get Marc (ISO 2709) : E-mail record : QR code < ปิดหน้าต่าง
LEADER : 00000nam 2200000uu 4500
001    13399110728
003     ULIB
008    110608s2553||||th 000 0 tha d
020    9789744141576
050  4 HF5668.25^bช136ก 2553
100 0  ชนม์ณัฐชา กังวานศุภพันธ์
245 00 การควบคุมภายในและตรวจสอบภายใน./^cชนม์ณัฐชา กังวานศุภพันธ์
246 0  เอกสารตำราหลัก ประกอบการเรียนการสอนหลักสูตรรัฐประศาสนศาสตร์บัณฑิต สาขาวิชาการจัดการการคลัง วิชา การควบคุมและตรวจสอบภายใน (Internal control and audit)
260    กรุงเทพฯ :^bเอ็กซเปอร์เน็ท,2553
300    190 หน้า
650  7 การควบคุมภายใน
650  7 การตรวจสอบภายใน
945    ^p180^l0^i18247
995    กัณชพร
999    ^aใช้งานได้ทุกระบบ
รายการนี้ยังไม่มีแท็ก
คุณยังไม่ได้ล็อกอิน คุณสามารถมีกิจกรรมร่วมกับเว็บไซต์ได้ แต่ต้องล็อกอินก่อน ::
  ล็อกอิน

รายการสื่อสารสนเทศ

ลำดับที่ ประเภท เลขเรียก/บาร์โค้ด สถานที่ สถานะ
- ไม่พบข้อมูล -

รายการใกล้เคียง
    หัวเรื่อง [การควบคุมภายใน]
    หัวเรื่อง [การตรวจสอบภายใน]

BibComment


ยังไม่เคยถูกคอมเมนท์

คอมเมนท์ทรัพยากรรายการนี้
  คอมเมนท์: การควบคุมภายในและ..


 Copyright 2026. Bcnsprnw @Library